000 01027nam a2200265Ia 4500
003 OSt
005 20220930190057.0
006 a|||||r|||| 00| 0
007 ta
008 220926b |||||||| |||| 00| 0 nep d
020 _c75
024 _a92296
037 _b522, 19/03/2009, Vani Prakashan
_cTextbook
040 _aCRL
_cCRL
_bNEP
041 _2NEP
_aNEP
082 _aO1595,2N02,PR, 152L4
100 _aसम, बालकृष्ण
245 0 _aप्रह्लाद
246 _aChilikā: uड़iyā bhāṣhā kā khaṇḍa kāvya
260 _aनई दिल्ली,
_bसाहित्य अकादेमी, भारत
_c1974
300 _a124पृ0
_ccm.
700 _a अक्षोभ्श्वरी प्रताप, अनु.
_9163611
942 _hO1595,2N02,PR, 152L4
_cTB
_2CC
999 _c891577
_d891577